000
00329nam a22001457a 4500
008
230911b ||||| |||| 00| 0 eng d
020
_a
9780878931897
041
_a
eng
080
_2
THIRD EDITION
_a
573
082
_a
573FUT
100
_a
16
101
_a
BIO
245
_a
EVOLUTIONARY BIOLOGY
_c
FUTUYMA.J.D
942
_2
udc
_c
BK
999
_c
60307
_d
60307